Bayoumi v Women's Total Abstinence Union Ltd and another (Record no. 72719)
[ view plain ]
| 000 -LEADER | |
|---|---|
| fixed length control field | 01357cam a2200217 4500 |
| 001 - CONTROL NUMBER | |
| control field | ABS66740 |
| 008 - FIXED-LENGTH DATA ELEMENTS--GENERAL INFORMATION | |
| fixed length control field | 030521n2003 000 0 eng u |
| 035 ## - SYSTEM CONTROL NUMBER | |
| System control number | (Sirsi) u122361 |
| 245 ## - TITLE STATEMENT | |
| Title | Bayoumi v Women's Total Abstinence Union Ltd and another |
| 260 ## - PUBLICATION, DISTRIBUTION, ETC. | |
| Date of publication, distribution, etc. | 2003 |
| 490 ## - SERIES STATEMENT | |
| Series statement | Weekly Law Reports |
| Volume/sequential designation | [2003] 2 WLR 1287-1295(9) |
| 520 ## - SUMMARY, ETC. | |
| Summary, etc. | [2003] EWHC 212 (Ch), 21 January 2003. Second defendant entered into a contract to purchase property from first defendant (W), a registered charity. Second defendant assigned benefit of contract to claimant (B). W did not comply with requirements of the Charities Act 1993 s36(3) by failing to obtain a surveyor's report prior to entering into agreement to sell. B sought a summary order of specific performance of contract relying on s37(4) which validated disposition of land to purchaser in good faith. Summary judgment granted in favour of W. On appeal, held that s37(4) did not operate to validate an unaffected contract for sale. Contract was void for non-compliance with requirements of s36(3). Appeal dismissed. |
| 590 ## - LOCAL NOTE (RLIN) | |
| Local note | ABS |
| 650 ## - SUBJECT ADDED ENTRY--TOPICAL TERM | |
| Topical term or geographic name entry element | BAYOUMI V WOMEN TOTAL ABSTINENCE UNION LTD AND ANOTHER |
| 650 ## - SUBJECT ADDED ENTRY--TOPICAL TERM | |
| Topical term or geographic name entry element | CHARITIES ACT 1993 S36(3) |
| 650 ## - SUBJECT ADDED ENTRY--TOPICAL TERM | |
| Topical term or geographic name entry element | CHARITIES ACT 1993 S37(4) |
| 650 ## - SUBJECT ADDED ENTRY--TOPICAL TERM | |
| Topical term or geographic name entry element | SPECIFIC PERFORMANCE |
| 650 ## - SUBJECT ADDED ENTRY--TOPICAL TERM | |
| Topical term or geographic name entry element | CONTRACT |
| 690 ## - LOCAL SUBJECT ADDED ENTRY--TOPICAL TERM (OCLC, RLIN) | |
| Topical term or geographic name as entry element | PROPERTY AND LAND LAW-CASE LAW |
| 942 ## - ADDED ENTRY ELEMENTS (KOHA) | |
| Suppress in OPAC | 0 |
| Withdrawn status | Lost status | Source of classification or shelving scheme | Damaged status | Not for loan | Home library | Current library | Shelving location | Date acquired | Total Checkouts | Full call number | Barcode | Date last seen | Copy number | Price effective from | Koha item type |
|---|---|---|---|---|---|---|---|---|---|---|---|---|---|---|---|
| Dewey Decimal Classification | London | London | Journal article | 21/05/2003 | ABS66740 | 122361-1001 | 06/08/2019 | 1 | 06/08/2019 | Law report |